LEADER 01338nam a2200313 i 4500 001 000000332723 003 CaOOAMICUS 005 20210318113504.0 008 190308s2019 it a u000 u ita u 013 $a92207 020 $a978-88-213-1331-8 040 $aSeMil$bita 245 10$aEpistolario.$n8,$p1882-1883 (3562-3955) 264 3$aRoma :$bLAS,$c2019. 300 $a462 p., [1] carta di tav. :$britr. ;$c26 cm 490 1 $aFonti / Istituto storico salesiano, Roma. Serie 1 ;$v15 500 $aSeguono: [3] Appendici 700 1 $aBosco, Giovanni,$c.$0(OLS)http://semarc/name/4287 773 0 $aBosco, Giovanni $tScritti editi e inediti di Giovanni Bosco.$dRoma : LAS, 1991-$w()10331 830 0$aFonti / Istituto storico salesiano, Roma. Serie 1 ;$v15.$0(OLS)http://semarc/title/419017 850 $aSeMil 852 $aSeMil$W1$xVenegono$y1$m3H V 418$j221717$B224956$CSeMilBibl$Z2$F224956 $81 900 0 $aGiovanni : Bosco. 961 $aScuola cattolica - Omaggio per recensione 996 $6020$a978-88-213-1331-8$9(OLS)http://semarc/number/286702 996 $6245$aEpistolario.$n8,$p1882-1883 (3562-3955)$9(OLS)http://semarc/title/421759 996 $6264$aRoma :$bLAS$9(OLS)http://semarc/publisher/29900 LEADER 00974nam a2200241 i 4500 001 000000063498 003 CaOOAMICUS 005 20190704103155.0 008 100310s1956 fr u000 u fre u 013 $a34670 040 $aSeMil$bita 100 1 $aNédoncelle, Maurice,$d<1905-1976>.$0(OLS)http://semarc/name/10206 245 10$aExiste-t-il une philosophie chrétienne? /$cMaurice Nédoncelle. 260 $aParis :$bLibrairie Arthème Fayard,$c1956. 300 $a117 p. ;$c20 cm. 490 0 $aJe sais, je crois ;$v10 650 4$aFilosofia cristiana.$0(OLS)http://semarc/subject/280 830 0$aJe sais, je crois ;$v10.$0(OLS)http://semarc/title/524 850 $aSeMil 852 $aSeMil$W1$xVenegono$y1$m2X I 313$j29651$B29651$CSeMilBibl$Z2$F29654 $81 996 $6245$aExiste-t-il une philosophie chrétienne?$9(OLS)http://semarc/title/100325 996 $6260$aParis :$bLibrairie Arthème Fayard$9(OLS)http://semarc/publisher/34003